000
00297nam a22001337a 4500
008
171011b xxu||||| |||| 00| 0 eng d
020
_a
x000c3gp1t
041
_a
eng
080
_2
5TH
_a
316
100
_a
50
101
_a
SOC
245
_a
AGING AND THE LIFE COURSE
_c
QUADAGNO,J
942
_2
udc
_c
BK
999
_c
33217
_d
33217